| 000 | 01144nam a22003497a 4500 | ||
|---|---|---|---|
| 003 | CHAP | ||
| 005 | 20220817042803.0 | ||
| 008 | 971013s1977 r 00010 d | ||
| 010 | _a55566 | ||
| 011 | _a56538 | ||
| 035 | _a60691 | ||
| 040 | _cCHAP | ||
| 090 | _aFolleto 4193 | ||
| 100 | 0 | 0 |
_aSerrano Cermeño, Zoilo. _9105210 |
| 245 | _aVariedades de pepino, melón y calabacín para invernadero | ||
| 260 |
_a(Madrid) : _bMinisterio de Agricultura, _c1977 |
||
| 300 |
_a16 p. _b: ilus. |
||
| 490 |
_aHojas divulgadoras _v; 16-77 |
||
| 590 |
_aBATCH-UPD _b10 _c20130110 _lUCH01 _h0339 |
||
| 590 |
_aBATCH-UPD _b10 _c20130110 _lUCH01 _h2102 |
||
| 590 |
_aBATCH-UPD _b10 _c20130410 _lUCH01 _h0013 |
||
| 590 |
_aBATCH-UPD _b10 _c20130914 _lUCH01 _h0814 |
||
| 590 |
_aCONVERSION _b10 _c20130109 _lUCH01 _h1330 |
||
| 650 | 1 | 4 |
_aCalabaza _xVariedades. _917301 |
| 650 | 1 | 4 |
_aMelón _xVariedades. _974482 |
| 650 | 1 | 4 |
_aPepino _xVariedades. _986934 |
| 830 | 0 |
_aHojas divulgadoras _v; 16-77 |
|
| 901 | _aBK | ||
| 942 | _cFOLL | ||
| 949 |
_aFolleto 4193 _bBC _cLIBRO _d-130663 _eTS1 _i60691 _si |
||
| 949 |
_aFolleto 4193 _bBC _cLIBRO _d-130666 _eTS2 _fc.2 _i60691 _si |
||
| 999 |
_c55566 _d55566 |
||